| 000 | 00789cam a22002531 4500 | ||
|---|---|---|---|
| 001 | 16472 | ||
| 003 | BD-RjUL | ||
| 005 | 20211209000019.0 | ||
| 008 | 140213r19551952enk 000 0 eng d | ||
| 035 | _a(BD-RjUL)16527 | ||
| 035 | _a(OCoLC)4813698 | ||
| 040 |
_aDLC _cTxBeaL _dUk _dDLC _dBD-RjUL _beng |
||
| 041 | _aeng | ||
| 082 | 0 | 0 |
_a796.42 _bDUI 1955 |
| 100 | 1 |
_aDuncan, Sandy. _950930 |
|
| 245 | 1 | 0 |
_aIn athletics, do it this way : _blearn your atltics from photographs / _cBy Sandy Duncan. With photos. by John Barlee and a foreword by Lord Burghley. |
| 250 | _a1st ed. | ||
| 260 |
_aLondon : _bMurray , _c1952 [Reprinted 1955] |
||
| 300 |
_a96 p. : _billus. ; _c22 cm. |
||
| 650 | 0 |
_aTrack and field. _950931 |
|
| 942 |
_2ddc _cBK |
||
| 999 |
_c16472 _d16472 |
||